| 000 | 00373nam a2200157Ia 4500 | ||
|---|---|---|---|
| 008 | 210210b1907 xxu||||| |||| 00| 0 eng d | ||
| 041 | _aeng | ||
| 082 | _a590/308 | ||
| 100 | _aTHORNTON (J) | ||
| 245 | _aElementary biology | ||
| 260 |
_aLondon _bLongmans, Green and Company _c1907 |
||
| 650 | _aElementary | ||
| 650 | _abiology | ||
| 690 | _aZoology | ||
| 906 | _a010879 | ||
| 999 |
_c138876 _d138876 |
||